000 00489nam a2200181Ia 4500
005 20260415160316.0
008 008 250505s9999 xx 000 0 eng d
037 _aTextual
040 _aFEDL
_beng
_cFEDL
041 _aeng
_2eng
084 _a745 DEL
_qFEDL
100 _aDelemos Pedro
245 0 _aCreative art crafts : Book 2
260 _aMA, USA
_bThe Davis Press
_c1945
300 _a86p.
942 _cTEXL
_h745 DEL
999 _c1321519
_d1321519